[Event "HUN-chT1 Charousek 2223"]
[Site "Hungary"]
[Date "2023.03.26"]
[Round "8.5"]
[White "Danada, Tomas"]
[Black "Ronai, Akos Balazs"]
[Result "0-1"]
[WhiteElo "2230"]
[BlackElo "2266"]
[PlyCount "66"]
[EventDate "2022.11.20"]
[EventType "team-tourn"]
[EventRounds "9"]
[EventCountry "HUN"]
[SourceTitle "EXT 2025"]
[Source "ChessBase"]
[SourceDate "2024.10.14"]
[SourceVersion "1"]
[SourceVersionDate "2024.10.14"]
[SourceQuality "1"]
[WhiteTeam "Sentimento Ajka BSK II"]
[BlackTeam "Komlo Banyasz"]
[WhiteTeamCountry "HUN"]
[BlackTeamCountry "HUN"]

1. d4 Nf6 2. c4 e6 3. Nc3 Bb4 4. e3 0-0 5. Bd2 Re8 6. Nf3 d5 7. Rc1 c6 8. Bd3 Nbd7 9. 0-0 e5 10. dxe5 Nxe5 11. Nxe5 Rxe5 12. Qb3 Bd6 13. f4 dxc4 14. Bxc4 Re7 15. Qc2 b6 16. Bd3 Bb7 17. Ne4 Nxe4 18. Bxe4 h6 19. Rce1 Qe8 20. Bh7+ Kh8 21. Bd3 Bc5 22. Rf3 Rd8 23. Re2 Red7 24. b4 Bxb4 25. Bxb4 Rxd3 26. e4 Ba6 27. Ree3 Rd1+ 28. Kf2 Qe6 29. h3 Qg6 30. g4 Rh1 31. Qa4 Bb5 32. Qxa7 Qf6 33. Qe7 Rd2+ 0-1